000 00804nam a2200253 i 4500
001 bg
100 1 _aHulboj, Stanisław
_d(1942- ).
245 1 0 _aRegeneracja i pomiary narzędzi skrawających /
_cStanisław Hulboj.
250 _aWyd. 3 uzup. i popr.
260 _aCzęstochowa :
_bWydaw. PC,
_c1997.
300 _a210, [1] s. :
_brys., wykr. ;
_c24 cm.
490 1 _aSkrypty Politechniki Częstochowskiej,
_x1234-9909 ;
_v21
504 _aBibliogr. przy rozdz.
650 9 _aSkrawanie
_xnarzędzia i maszyny
655 _aPodręczniki akademickie
830 _aSkrypty Politechniki Częstochowskiej,
_x1234-9909 ;
020 _a8385031863
040 _cBPK
041 0 _apl
080 _a621.9(075.8)
920 _a83-85031-86-3
942 _cKS
008 s pl f |000 0 pol
999 _c31860
_d31860
856 _uhttp://koha.tu.koszalin.pl/cgi-bin/koha/opac-detail.pl?biblionumber=31860
_yKatalog online BPK